A _ _ _ _ _ _ K to Z _ _ _ _ _ _ K Quiz Stats

 Plays Quiz not verified by Sporcle

Challenge
Share
Tweet
Embed
Score 0/26 Timer 05:00
0 Plays Today
Hint Answer % Correct
No Q answerNo Q answer
100%
No X answerNo X answer
99.2%
Mark Zuckerberg's networking service Facebook
94%
*Asterisk
93.2%
Humorous five line verseLimerick
92.5%
High school annual publication/memorialYearbook
90.2%
Lever used by a pilot (or game player)Joystick
88.7%
Breed of whaleHumpback
86.5%
Lucky Irish cloverShamrock
86.5%
Riding without a saddleBareback
85.7%
Small laptop computerNotebook
85.7%
Traffic that has come to a standstillGridlock
84.2%
Tied vote, where agreement cannot be madeDeadlock
82.7%
Hint Answer % Correct
Burrowing ground squirrelChipmunk
79.7%
Native American fighting axTomahawk
79.7%
Fail to noticeOverlook
77.4%
Charles Dickens: The ________ PapersPickwick
76.7%
Large bag with supporting frameRucksack
73.7%
Commercial bribeKickback
67.7%
Capital city of NamibiaWindhoek
63.2%
Unorthodox or independent-minded personMaverick
60.9%
Articles made of ferrous materialIronwork
58.6%
Kitchen utensil for making an OmeletteEggwhisk
51.9%
Not miniaturized Unshrunk
36.1%
Sweetened bread enriched with eggsZwieback
27.1%
Fauvism artist Maurice de ________Vlaminck
9.8%

You're not logged in!

Compare scores with friends on all Sporcle quizzes.
OR
Log In

You Might Also Like...

Show Comments

Extras

Top Quizzes Today


Score Distribution

Your Account Isn't Verified!

In order to create a playlist on Sporcle, you need to verify the email address you used during registration. Go to your Sporcle Settings to finish the process.

Report this User

Report this user for behavior that violates our Community Guidelines.

Details: